Statistics for Greek Foods

Click here to take the quiz!

General Stats

  • This quiz has been taken 443 times
  • The average score is 6 of 15

Answer Stats

HintAnswer% Correct
A white, salty cheese made from a mixture of sheep and goat milkFeta
82%
A dish made of meat, usually pork or chicken, cooked on a vertical rotisserie and served in a pitaGyro
82%
A Greek cucumber yogurt sauceTzatziki
80%
similar to the above, but with eggplant instead of ground beefMoussaka
72%
A dish made by grilling skewered meat; usually in a pita with french fries, tomatoes, etc.Souvlaki
63%
A filo pastry pie made with a feta and spinach fillingSpanakopita
47%
Greek lasagna made with ground beef and béchamelPastitsio
43%
Greek fried cheese. OPA!Saganaki
40%
Greek bread/cake made on New Year's Day with a coin in it; the person who finds the coin gets good luck for that yearVasilopita
30%
Greek soup made from lamb offal; eaten on EasterMagiritsa
25%
Lemon-Rice soupAvgolemono
16%
Rice pudding served with cinnamonRizogalo
16%
A spread of feta, roasted red peppers, and (rarely) garlicTirokafteri
8%
Boiled dandelion greens served with lemon and olive oil.Xorta
6%
A hard, dry biscuit (rusk) made from whole wheat, chickpea, or barley flourPaximathi
1%

Score Distribution

Percentile by Number Answered

Percent of People with Each Score

Your Score History

You have not taken this quiz